00767nam a2200229 a 4500001001300000003000900013005001700022008004100039020001000080082001600090245007800106260003400184300000900218500003500227650002400262710003000286902000800316942000700324952009600331952009500427999001500522nice12345678IN_TiNIC20260116012035.0070621s1948 lona grp 000 0 eng  ac10000a225.52bNEW aNew Testament of Our Lord and Saviour Jesus Christb from the Latin Vulga aLondonbBurns and Oatesc1948 a449p aincludes index and biblioraphy aBible-New Testament2 aNew Testament of Our Lord bSRS cBK 00104070aHMIbHMId2007-06-21g100.00l0o225.52 NEWp5547r2007-06-21w2026-01-16yARB 00104070aHMIbHMId2018-04-12g100.00l0o225.52 NEWp3971r2018-04-12w2026-01-16yARB c5390d5390